Marxismo y estructuralismo / (Registro nro. 3428)
[ vista simple ]
| 000 -LEADER | |
|---|---|
| fixed length control field | 01183nam a2200265Ia 4500 |
| 003 - CONTROL NUMBER IDENTIFIER | |
| control field | OSt |
| 005 - DATE AND TIME OF LATEST TRANSACTION | |
| control field | 20200402132059.0 |
| 008 - FIXED-LENGTH DATA ELEMENTS--GENERAL INFORMATION | |
| fixed length control field | 191128s1972 sp gr 001 0dspa d |
| 040 ## - CATALOGING SOURCE | |
| Original cataloging agency | CO-JMCR |
| Transcribing agency | CO-JMCR |
| 041 0# - LANGUAGE CODE | |
| Language code of text/sound track or separate title | spa |
| 082 04 - DEWEY DECIMAL CLASSIFICATION NUMBER | |
| Classification number | 146.32 / |
| Item number | S443m |
| 100 1# - MAIN ENTRY--PERSONAL NAME | |
| Personal name | Sebag, Lucien, |
| Relator term | autor |
| 9 (RLIN) | 2446 |
| 245 10 - TITLE STATEMENT | |
| Title | Marxismo y estructuralismo / |
| Statement of responsibility, etc. | Lucien Sebag ; traductor Ignacio Romero de Solis |
| 250 ## - EDITION STATEMENT | |
| Edition statement | Segunda edición |
| 260 ## - PUBLICATION, DISTRIBUTION, ETC. | |
| Place of publication, distribution, etc. | Madrid : |
| Name of publisher, distributor, etc. | Siglo veintiuno, |
| Date of publication, distribution, etc. | 1972 |
| 300 ## - PHYSICAL DESCRIPTION | |
| Extent | ix, 273 páginas ; |
| Dimensions | 18 cm. |
| 490 0# - SERIES STATEMENT | |
| Series statement | Teoría y critica |
| 500 ## - GENERAL NOTE | |
| General note | Incluye datos biográficos del autor. |
| 505 ## - FORMATTED CONTENTS NOTE | |
| Formatted contents note | Premisas hegelianas -- Sobre el significado del marxismo -- Ideologías y pensamiento científico -- Verdad y ciencia |
| 520 ## - SUMMARY, ETC. | |
| Summary, etc. | Su proyecto fue siempre filosófico. De formación marxista, Sebag no podía enfocar tal proyecto fuera de una acción política que le diera su pleno sentido. Sin embargo, el divorcio que poco a poco fue descubriendo entre la acción real y la acción deseada. |
| 534 ## - ORIGINAL VERSION NOTE | |
| Introductory phrase | Marxisme et structuralisme |
| 650 14 - SUBJECT ADDED ENTRY--TOPICAL TERM | |
| Topical term or geographic name entry element | Marxismo |
| General subdivision | Estructuralismo |
| 9 (RLIN) | 2447 |
| 700 1# - ADDED ENTRY--PERSONAL NAME | |
| Personal name | Romero de Solis, Ignación, |
| Relator term | traductor |
| 9 (RLIN) | 2448 |
| 942 ## - ADDED ENTRY ELEMENTS (KOHA) | |
| Source of classification or shelving scheme | Dewey Decimal Classification |
| Koha item type | Books |
| Withdrawn status | Lost status | Source of classification or shelving scheme | Materials specified (bound volume or other part) | Damaged status | Not for loan | Home library | Current library | Shelving location | Date acquired | Source of acquisition | Cost, normal purchase price | Total Checkouts | Full call number | Barcode | Date last seen | Copy number | Price effective from | Koha item type |
|---|---|---|---|---|---|---|---|---|---|---|---|---|---|---|---|---|---|---|
| Dewey Decimal Classification | Donación--11/04/2018-- | Biblioteca Pública José María del Castillo y Rada | Biblioteca Pública José María del Castillo y Rada | General Stacks | 11/28/2019 | Donación | 0.00 | 146 32 / S443m | 201807277 | 05/16/2024 | Ej.1 | 11/28/2019 | Books |